Fuzzy logic and intelligent systems

Αποθηκεύτηκε σε:
Λεπτομέρειες βιβλιογραφικής εγγραφής
Άλλοι συγγραφείς: Li, Hua 1956- (Επιμελητής έκδοσης), Gupta, Madan M. (Επιμελητής έκδοσης)
Μορφή: Βιβλίο
Γλώσσα:English
Δημοσίευση: Boston ; London : Kluwer academic, c1995
Σειρά:International series in intelligent technologies ; ; 3
Θέματα:
Ετικέτες: Προσθήκη ετικέτας
Δεν υπάρχουν, Καταχωρήστε ετικέτα πρώτοι!

MARC

LEADER 00000nam a2200000 i 4500
001 1/84102
008 990621s1995 eng d
020 |a 0-7923-9575-1 
035 |l 10051526 
040 |a GR-MY-UA  |b gre  |e aacr 
041 0 |a eng 
082 0 |a 629.836 
245 1 0 |a Fuzzy logic and intelligent systems /  |c edited by Hua Li, Madan Gupta 
260 |a Boston ; London :   |b Kluwer academic,   |c c1995 
300 |a xiv, 445 p.;  |b ill.;  |c 24 cm. 
490 1 |a International series in intelligent technologies  |v ; 3 
650 0 0 |a Neural networks (Computer science) 
650 0 0 |a Fuzzy systems. 
650 0 0 |a Expert systems (Computer science) 
700 1 |a Li, Hua  |d 1956-  |4 edt 
700 1 |a Gupta, Madan M.  |4 edt 
830 0 |a International series in intelligent technologies ;  |v ; 3 
852 |a INST  |b SAMOS  |e 19990621  |h 629.836 FUZ  |p 005300012576  |q 005300012576  |t BK  |y 0 
901 |a BIBL3-1999-2 
909 |a Σ  |b 063238 
922 |a 3ΕΛΗ  |b 199905  |c ΕΠΕΑΕΚ/ΜΑΘ  |d GLORY 
970 |a Γενούζου  |b Χρυσάνθη  |z 1999/06/21